Faculty of Law Library — Cairo University

Official Online Catalog

Criminal procedure and sentencing in the magistrates' court / (Record no. 52829)

MARC details
000 -LEADER
fixed length control field 01003nac a2200325 i 4500
003 - CONTROL NUMBER IDENTIFIER
control field EG-GICUC
005 - DATE AND TIME OF LATEST TRANSACTION
control field 20260121101543.0
008 - FIXED-LENGTH DATA ELEMENTS--GENERAL INFORMATION
fixed length control field 900320s1999 enka fr 001 0 eng d
020 ## - INTERNATIONAL STANDARD BOOK NUMBER
International Standard Book Number 0421657006
020 ## - INTERNATIONAL STANDARD BOOK NUMBER
International Standard Book Number 9780421657007
040 ## - CATALOGING SOURCE
Original cataloging agency DLC
Transcribing agency DLC
Language of cataloging eng
Modifying agency EG-GiCUC
Description conventions rda
043 ## - GEOGRAPHIC AREA CODE
Geographic area code e-uk---
082 00 - DEWEY DECIMAL CLASSIFICATION NUMBER
Classification number 343.3
Edition number 21
092 04 - LOCALLY ASSIGNED DEWEY CALL NUMBER (OCLC)
Edition number 21
099 ## - LOCAL FREE-TEXT CALL NUMBER (OCLC)
Classification number Law 10 1999
100 1# - MAIN ENTRY--PERSONAL NAME
Personal name Bing, Inigo.
245 10 - TITLE STATEMENT
Title Criminal procedure and sentencing in the magistrates' court /
Statement of responsibility, etc. Inigo Bing.
250 ## - EDITION STATEMENT
Edition statement 5th edition.
264 ## - PRODUCTION, PUBLICATION, DISTRIBUTION, MANUFACTURE, AND COPYRIGHT NOTICE
Place of production, publication, distribution, manufacture London :
Name of producer, publisher, distributor, manufacturer Sweet & Maxwell,
Date of production, publication, distribution, manufacture, or copyright notice 1999.
300 ## - PHYSICAL DESCRIPTION
Extent xxxvii, 290 page :
Other physical details illustrations ;
Dimensions 26 cm.
336 ## - CONTENT TYPE
Content type term text
Content type code txt
Source rdacontent
337 ## - MEDIA TYPE
Media type term unmediated
Media type code n
Source rdamedia
338 ## - CARRIER TYPE
Carrier type term volume
Carrier type code nc
Source rdacarrier
500 ## - GENERAL NOTE
General note Includes indexes.
650 #0 - SUBJECT ADDED ENTRY--TOPICAL TERM
Topical term or geographic name entry element Criminal procedure
Geographic subdivision Great Britain.
650 #0 - SUBJECT ADDED ENTRY--TOPICAL TERM
Topical term or geographic name entry element Sentences (Criminal procedure)
Geographic subdivision Great Britain.
856 40 - ELECTRONIC LOCATION AND ACCESS
Uniform Resource Identifier <a href="https://fll.law.cu.edu.eg/fulltext/bks/ENGB10-00100.pdf">https://fll.law.cu.edu.eg/fulltext/bks/ENGB10-00100.pdf</a>
905 ## - Cataloger and Reviser Names
Cataloger Name: Hend El khosy
942 ## - ADDED ENTRY ELEMENTS (KOHA)
Source of classification or shelving scheme Dewey Decimal Classification
Koha item type Books
Edition 21
Suppress in OPAC No
Holdings
Withdrawn status Lost status Source of classification or shelving scheme Damaged status Not for loan Collection Home library Current library Date acquired Total checkouts Full call number Barcode Date last seen Copy number Price effective from Koha item type Public note
    Dewey Decimal Classification     القانون الجنائي جــــامعة القــاهرة مكتبة كلية الحقوق - فـرع الشيخ زايد 28.12.2025   Law2 10 343.3 BI . C 5 ed - 1999 1000100 ENGB10-00100 28.12.2025 1 28.12.2025 Books 1380

© All rights reserved — Faculty of Law, Cairo University